一生必知的名人名言 (Record no. 7322)

000 -LEADER
fixed length control field 00448nam a22001817a 4500
003 - CONTROL NUMBER IDENTIFIER
control field MPLRDC
005 - DATE AND TIME OF LATEST TRANSACTION
control field 20220104114422.0
008 - FIXED-LENGTH DATA ELEMENTS--GENERAL INFORMATION
fixed length control field 210129b ||||| |||| 00| 0 eng d
020 ## - INTERNATIONAL STANDARD BOOK NUMBER
International Standard Book Number 7-80601-850-6
082 ## - DEWEY DECIMAL CLASSIFICATION NUMBER
Classification number 192.8 RYL v.2
100 ## - MAIN ENTRY--PERSONAL NAME
Personal name 阮育璐 编著
245 ## - TITLE STATEMENT
Title 一生必知的名人名言
Statement of responsibility, etc.
250 ## - EDITION STATEMENT
Edition statement 一版一刷
260 ## - PUBLICATION, DISTRIBUTION, ETC.
Place of publication, distribution, etc. 中国
Name of publisher, distributor, etc. 万卷出版公司
Date of publication, distribution, etc. 2006
300 ## - PHYSICAL DESCRIPTION
Other physical details 179
650 ## - SUBJECT ADDED ENTRY--TOPICAL TERM
Topical term or geographic name entry element 格言
942 ## - ADDED ENTRY ELEMENTS (KOHA)
Koha item type Book
-- 192.8 RYL v.2
Holdings
Withdrawn status Lost status Source of classification or shelving scheme Damaged status Not for loan Collection code Home library Current library Shelving location Date acquired Cost, normal purchase price Total Checkouts Total Renewals Full call number Barcode Date last seen Date last checked out Price effective from Koha item type Public note
            Malaysian Public Library, Research and Development Centre Malaysian Public Library, Research and Development Centre   10/12/2007 86.00   3 192.8 RYL v.2 00007314 17/03/2021 14/04/2013 17/03/2021 Book mplrdc

© 2022. Malaysian Public Library, Research and Development Centre. All Right ReservedE-mailmplrdc@help.edu.my 

Powered by Koha